Decolonial feminist research : haunting, rememory and mothers /

Bibliographic Details
Main Author: Rhee, Jeong-eun (Author)
Corporate Author: Taylor & Francis
Format: eBook
Language:English
Published: London : Routledge, 2021.
Series:Futures of data analysis in qualitative research.
Subjects:
Online Access:Connect to the full text of this electronic book

MARC

Tag First Indicator Second Indicator Subfields
LEADER 00000cam a2200000Ii 4500
001 in00004345913
005 20210422110602.0
006 m o d
007 cr |n|||||||||
008 200920s2021 enka ob 001 0 eng d
020 |a 9781000210248  |q electronic book 
020 |a 1000210243  |q electronic book 
020 |a 1000210286 
020 |a 9781000210262  |q Mobipocket electronic book 
020 |a 100021026X 
020 |a 9780429273933  |q electronic book 
020 |a 0429273932  |q electronic book 
020 |a 9781000210286  |q (electronic bk.) 
020 |z 0367222353 
020 |z 9780367222352 
020 |z 0367222345 
020 |z 9780367222345 
024 8 |a 40030227320 
035 |a (NhCcYBP)ybp16773237 
037 |a 9781000210286  |b Ingram Content Group 
037 |a 9780429273933  |b Taylor & Francis 
040 |a NhCcYBP  |c NhCcYBP  |d UtOrBLW 
050 4 |a HQ1180  |b .R44 2021 
072 7 |a SOC  |x 019000  |2 bisacsh 
072 7 |a GPS  |2 bicssc 
082 0 4 |a 305.4207  |2 23 
100 1 |a Rhee, Jeong-eun,  |e author.  |0 http://id.loc.gov/authorities/names/no2016148744 
245 1 0 |a Decolonial feminist research :  |b haunting, rememory and mothers /  |c Jeong-eun Rhee. 
264 1 |a London :  |b Routledge,  |c 2021. 
300 |a 1 online resource. 
336 |a text  |2 rdacontent  |b txt 
336 |a still image  |b sti  |2 rdacontent 
337 |a computer  |2 rdamedia  |b c 
338 |a online resource  |2 rdacarrier  |b cr 
490 1 |a Futures of data analysis in qualitative research 
504 |a Includes bibliographical references and index. 
588 |a Description based upon online resource; title from PDF title page (viewed November 02, 2020). 
545 0 |a Jeong-eun Rhee is Professor of Education, Long Island University, USA. She is the co-editor of Promiscuous Feminist Methodologies in Education: Engaging Research Beyond Gender (Routledge, 2014). 
500 |a Electronic resource. 
650 0 |a Feminism  |x Research.  |0 http://id.loc.gov/authorities/subjects/sh2009124212 
655 7 |a Electronic books.  |2 local 
710 2 |a Taylor & Francis.  |0 http://id.loc.gov/authorities/names/n84073022 
776 1 8 |i Print version:  |z 0367222353  |z 9780367222352  |z 0367222345  |z 9780367222345 
830 0 |a Futures of data analysis in qualitative research.  |0 http://id.loc.gov/authorities/names/no2019090130 
856 4 0 |u http://proxy.library.tamu.edu/login?url=https://www.taylorfrancis.com/books/9780429273933  |z Connect to the full text of this electronic book  |t 0 
945 |b 690279 
955 |a YBP purchased approval e-records 
980 |b 175.00  |g 1 
999 f f |s 7785e888-4f05-3d54-8c87-73417039c768  |i fb15fed3-8520-3933-a3ae-9034f3126b61  |t 0 
952 f f |a Texas A&M University  |b College Station  |c Electronic Resources  |d Available Online  |t 0  |e HQ1180 .R44 2021  |h Library of Congress classification 
998 f f |a HQ1180 .R44 2021  |t 0  |l Available Online